Eigentümer und Grundstücksbesitzer in der Stadt Kalisch im Jahr 1824

Titel: Eigentümer und Grundstücksbesitzer in der Stadt Kalisch im Jahr 1824
Verfasser:
In: Zeitschrift für ostdeutsche Familiengeschichte, Band 61, Heft 2 (2013), Seite 70-79
alle Artikel anzeigen
Veröffentlicht: 2013
Format: Aufsatz
Sprache: Deutsch
Kein Bild verfügbar
X
alg: 39267715
001A    $01999:11-11-16 
001B    $01999:21-05-21 $t16:53:59.000 
001C    $06050:21-11-16 $t21:02:33.000 
001D    $01999:11-11-16 
001U    $0utf8 
001X    $00 
002@    $0Aox 
003@    $0392677156 
007A    $0392677156 $aHEB 
007T    $0Herdc0096765m 
010@    $ager 
011@    $a2013 
021A    $aEigentümer und Grundstücksbesitzer in der Stadt Kalisch im Jahr 1824 
028A    $aFrantz $dJürgen 
031A    $d61 $e2 $h70-79 $j2013 
037A    $aUrkunde mit 216 Namen aus dem Jahr 1824 
039B    $aIn $8--Abvc--. Zeitschrift für ostdeutsche Familiengeschichte. - Herne : AGoFF, 2010-. - ISSN 2190-7145 $x201300000610002930 $922184872X 
045F    $a307.09438 $eDDC23BSB 
045F/01 $a307.09 
045F/03 $g438 
045F/03 $g43849 
045T    $a8 $a8,1 

lok: 39267715 78

exp: 39267715 78 1 #EPN
201B/01 $025-04-18 $t22:54:08.000 
201U/01 $0utf8 
203@/01 $0788776495 
208@/01 $a11-11-16 $be 
209A/01 $a/ $f000 $x00 
220C/01 $aTitelaufnehmer: pg 
220C/01 $aHerkunft: HI Marburg 
244Z/01 $2Trx $#Großpolen $#Greater Poland $#Velkopolsko $8--Trx--Wielkopolska $x01 $9391277227 
244Z/01 $2Trx $#Poola $#Lenkija $#Polija $#Polen Land $#Poland $#Lengyelország $#Poľsko $#Polsko $8--Trx--Polska$gkraj $x02 $9391345966 
244Z/01 $#Kalisia $74073162-5 $8--Tg1--Kalisch $x03 $9085206008 
244Z/01 $aGeschichte 1824 $x04 
244Z/01 $2Trx $#maaomand $#žemės nuosavybė $#real estate $#földtulajdon $#własność ziemska $#pozemkový majetok $#statky majetek pozemkový $8--Trx--Grundbesitz $x05 $9391370464 
244Z/01 $2Trx $#ürikud uusaeg $#naujųjų laikų dokumentai $#Documents Modern $#oklevelek újkor $#dokumenty nowożytne $#listiny novovek $#listiny novověké $8--Trx--Urkunden$gNeuzeit $x06 $9391363484 
244Z/01 $2Trx $#linnarahvastik $#miesto gyventojai $#city dwellers $#város-lakosság $#ludność miejska $#obyvateľstvo mestské $#obyvatelstvo městské $8--Trx--Stadtbevölkerung $x07 $9391353233 
244Z/01 $2Trx $8--Trx--Zeitschriftenaufsatz $x08 $9391384341 
245Z/01 $a13.03 $x01 
245Z/01 $a12.01 $x02 
247C/01 $82080>Marburg/Lahn, Herder-Institut, Forschungsbibliothek, Bibliographieportal $9336309341
LEADER 00000caa a22000002c 4500
001 392677156
003 DE-603
005 20210521165359.0
007 tu
008 161111s2013 xx |||| | u00||u|ger c
035 |a (DE-599)HEB392677156 
040 |a DE-603  |b ger  |c DE-603  |d DE-603 
041 |a ger 
082 0 4 |8 1\u  |a 307.09438  |q DE-101  |2 23/BSB 
084 |a 8  |a 8,1  |2 ssgn 
085 |8 1\u  |b 307.09 
085 |8 1\u  |z 2  |s 438 
085 |8 1\u  |z 2  |s 43849 
100 1 |a Frantz, Jürgen 
245 0 0 |a Eigentümer und Grundstücksbesitzer in der Stadt Kalisch im Jahr 1824 
264 0 |c 2013 
500 |a Urkunde mit 216 Namen aus dem Jahr 1824 
773 0 8 |i In  |t Zeitschrift für ostdeutsche Familiengeschichte  |d Herne : AGoFF, 2010-  |h 24 cm  |x 2190-7145  |g Band 61, Heft 2 (2013), Seite 70-79  |w (DE-603)22184872X  |w (DE-600)2545295-2 
924 0 |9 2080  |a (DE-603)788776495  |b DE-2080  |c HES  |d d  |g /